书目信息

书名: 中外合资经营企业法及其配套规定 
作者: 中国法制出版社
出版信息: 北京   中国法制出版社  2001.12
开本页数: 21cm  138页
丛书名: 法律及其配套规定
单 册:
中图分类: D92
科图分类:
主题词: 三资企业--企业法--中国--汇编 , 三资企业 , 企业法
电子资源:
ISBN: 7-80083-810-2
000 00983oam2 2200277 450
001 012005001002
005 20080418105810.32
010    @a7-80083-810-2@dCNY8.00
100    @a20050527e20022001em y0chiy0121 ea
101 @achi
102    @aCN@b110000
105    @ay n 000yy
200 @a中外合资经营企业法及其配套规定@AZhong Wai He Zi Jing Ying Qi Ye Fa Ji Qi Pei Tao Gui Ding@f[中国法制出版社编]
210    @a北京@c中国法制出版社@d2001.12@h2002.3重印
215    @a138页@d21cm
225 @a法律及其配套规定
330    @a本书收录了《中华人民共和国中外合资经营企业法》、《中外合资中外合作职业介绍机构设立管理暂行规定》、《中外合资旅行社试点暂行办法》等中外合资经营企业法及其规定。
461  0 @12001 @a法律及其配套规定
606 @a三资企业@x企业法@y中国@j汇编
606 @a三资企业
606 @a企业法
690    @aD92@v4
711 02 @a中国法制出版社@AZhong Guo Fa Zhi Chu Ban She@4编
801  0 @aCN@bCTBM@c20080418
905    @a10447@dD92@e20
999    @awxh@bwxh
    
    中外合资经营企业法及其配套规定/[中国法制出版社编].-北京:中国法制出版社,2001.12(2002.3重印)
    138页;21cm.-(法律及其配套规定)
    
    
    ISBN 7-80083-810-2:CNY8.00
    本书收录了《中华人民共和国中外合资经营企业法》、《中外合资中外合作职业介绍机构设立管理暂行规定》、《中外合资旅行社试点暂行办法》等中外合资经营企业法及其规定。
相关链接 在五车中查询图书 在当当中查询图书 在豆瓣中查询图书


正题名:中外合资经营企业法及其配套规定     索取号:D92/20         预约/预借

序号 登录号 条形码 馆藏地/架位号 状态 备注
1 168998   200168998   海科密-1楼/5架7列3层/ [索取号:D92/20] 在馆    
2 168999   200168999   海科密-1楼/5架7列3层/ [索取号:D92/20] 在馆    
3 169000   200169000   海科密-1楼/5架7列3层/ [索取号:D92/20] 在馆    
4 169001   200169001   海科密-1楼/5架7列3层/ [索取号:D92/20] 在馆    
5 169002   200169002   海科密-1楼/5架7列3层/ [索取号:D92/20] 在馆